Countries with ONLY vowels with a map - Statistics

General Stats
  • This quiz has been taken 197 times
    192 since last reset
  • The average score is 132 of 196
Answers on the Map
Answers color-coded by a green-red scale on the quiz's map according to % correct below.
 
Answer Stats
Country % Correct
Uie Io
98%
A
97%
Aui Aaia
97%
Ea Aia Eui
96%
Ai I a Ei
95%
Ou Oea
95%
Aa
92%
Aaa
92%
Aae
91%
Ae
91%
Ea
91%
Eaa
91%
Ee
91%
Uia
91%
Uie Ae
91%
Aai
90%
Ai
90%
Ai Uia
90%
Eoai Eui o e Oo
90%
Eui o e Oo
90%
Oo
90%
Uiia
90%
Ia
89%
Ua
89%
Uy
89%
Yaa
89%
Eay
88%
Ei
88%
Oa
88%
Aau
87%
Ai Ie a e Eaie
87%
Ie
87%
Aaia
86%
Eie
86%
Eio
86%
Ey
86%
Eaii
85%
Iia
85%
Aeaia
84%
Aeia
84%
Aia
84%
Aiia
84%
Eau
84%
Aia Iy
83%
Aaaa
82%
Iea
82%
Oua
82%
Eia
80%
Oeia
80%
Ooia
80%
Ooo
80%
Eao
79%
Eu
78%
Ii
78%
Oa Ia
78%
Oaia
78%
Oiia
78%
Eea
76%
E Eaa
76%
Uaie
76%
Aao
75%
Ao
75%
Uai
73%
Iya
72%
Oay
72%
Aiua A Aua
70%
Iay
70%
Ioeia
69%
Eee
68%
Auaia
65%
Auia
65%
Eoia
65%
Uaia
64%
Yia
64%
Eeuea
63%
Euao
63%
Ou Aia
61%
Uay
61%
Aii
59%
Eiu
58%
I Aa
58%
Iia a Oao
58%
Iuaia
58%
Aoa
57%
Aauay
56%
Eioia
56%
Uie Aa Eiae
56%
Uyaa
56%
Uiae
55%
Uiea
55%
E Eui
54%
Uei
53%
Oia a Eeoia
52%
Uuuay
52%
Iae
51%
O Oea
49%
Uaa
49%
Ueia
49%
Aa Ia
48%
Aie
48%
Auiaia
48%
Eya
48%
Iiie
48%
Ieia
47%
Uaeaa
46%
E Aao
45%
Eeae Ae o Ioeia
45%
Iaaua
45%
Ou Ua
45%
Aoia
44%
Eoo
44%
Eiea
43%
Oaa
42%
Oaiue
42%
Yya
42%
Ooa
39%
Aayia
37%
Aeoo
36%
Aua E Uiea
36%
Oiia Eui
36%
Ueou
33%
Ioui
32%
Oeeo
32%
Yu
32%
O Aeoia
30%
Uia Ao
30%
Ioy Oa
27%
Eyee
26%
Uiea-Iau
25%
Iea Eoe
23%
Uui
23%
Auiiu
22%
Iiai
22%
Ae Ee
21%
Uau
21%
Auu
18%
Oao
18%
Auau
17%
A Aio
15%
Euaoia Uiea
15%
Ooo Ia
15%
Ão Oé a Íie
14%
Ieeei
13%
Ea Io
12%
Iaoe
9%
No matching quizzes found
Score Distribution
Percent of People with Each Score
Percentile by Number Answered
Your Score History
You have not taken this quiz since the last reset